| 000 | 00620nam a22002297a 4500 | ||
|---|---|---|---|
| 003 | URS | ||
| 005 | 20250828100450.0 | ||
| 008 | 250408b ||||| |||| 00| 0 eng d | ||
| 040 | _cURS | ||
| 050 |
_aNX440 _b.S35 1982 |
||
| 100 | 1 |
_98124 _aSanchez, Custodiosa A. |
|
| 245 | _aIntroduction to humanities, or the arts | ||
| 264 |
_aManila _bRex Book Store _c©1982 |
||
| 300 |
_a191 pages.,: _c26 cm. |
||
| 336 |
_2rdacontent _atext |
||
| 337 |
_2rdamedia _aunmediated |
||
| 338 |
_2rdacarrier _avolume |
||
| 650 | 0 |
_912183 _aArts. |
|
| 700 | 1 |
_98125 _aAbad, Paz F. |
|
| 700 | 1 |
_98126 _aJao, Loreto V. |
|
| 942 |
_2lcc _cF |
||
| 999 |
_c84643 _d84641 |
||